El año del Señor: tres relatos

Enregistré dans:
Détails bibliographiques
Auteur principal: Steiner, George (Auteur)
Format: Livre
Langue:espagnol
Publié: Barcelona Andrés Bello 1997
Édition:1a. ed
Sujets:
Tags: Ajouter un tag
Pas de tags, Soyez le premier à ajouter un tag!

MARC

LEADER 00000cam a2200000 a 4500
001 UCD7710
003 CL-VaPUC
008 170407e19970000sp |||||||||||||||||spa|d
020 |a 8489691142 
082 0 4 |a 843  |b STE  |2 21 
100 0 |a Steiner, George  |e author  |9 591711 
245 1 3 |a El año del Señor: tres relatos 
250 |a 1a. ed 
300 |a 257 p 
942 |c BK 
945 |d 20170407 16:56:00  |a dcastane 
260 |a Barcelona  |b Andrés Bello  |c 1997 
650 0 |a Novela francesa  |9 264985 
650 0 |a Literatura francesa  |9 266330 
583 |a last modification  |c 20170407 16:56:00  |k Rodrigo Vera 
999 |c 367662  |d 367660 
952 |0 0  |1 0  |3 erb  |4 0  |6 843_000000000000000_STE_1997  |7 0  |8 A  |9 482680  |a BIBART  |b BIBART  |i 5386071  |o 843 STE 1997  |p 5386071  |r 2025-03-13  |w 2019-11-24  |y BK  |z Catalogado en:20170407  |k ART